000 00610nam a22002057a 4500
005 20251108170124.0
008 250721s2001 xx 000 0 ara d
082 1 4 _aم/413.111/فرا
100 1 _aالفراهيدي، الخليل بن أحمد
245 1 0 _aكتاب العين /
250 _aطبعة جديدة فنية
264 1 _aبيروت :
_bدار إحياء التراث العربي،
_c2001.
300 _a1119ص
650 1 7 _aعلم المعاجم
650 1 7 _aالمعاني
650 1 7 _aاللغة العربية
650 1 7 _aاللفظ
942 _2ddc
_cREF
999 _c40286
_d40286